| 000 | 00497nam a2200157 4500 | ||
|---|---|---|---|
| 001 | 115977 | ||
| 003 | ES-MaACL | ||
| 005 | 20230906190616.0 | ||
| 007 | t| | ||
| 008 | 061121s1933 sp r ||||1| spa d | ||
| 100 | 1 |
_aOrtiz Picón, Juan Manuel. _987637 |
|
| 245 | 1 | 0 |
_aEstado actual del problema de la morfología y fisiología de división celular mitósica / _cJuan Manuel Ortiz Picón. |
| 260 |
_aMadrid : _bS. Aguirre, _c1933. |
||
| 300 |
_a105 p. ; _c24 cm. |
||
| 852 |
_aES-MaACL _j1794-F-14 |
||
| 999 |
_c115977 _d115977 |
||